000 00302nam a22001337a 4500
008 181219b xxu||||| |||| 00| 0 eng d
020 _a9780070596726
041 _aeng
080 _22nd
_a101
100 _a24
101 _aFIL
245 _aMorality and the Good Life
_cSolomon,R.C
942 _2udc
_cBK
999 _c53492
_d53492